Top Artists by Songs Over 1b Streams - Statistics

General Stats
  • This quiz has been taken 33 times
  • The average score is 8 of 20
Answer Stats
# Artist % Correct
9 Taylor Swift
97%
11 Drake
77%
11 Ed Sheeran
65%
14 Ariana Grande
61%
8 Rihanna
61%
11 The Weeknd
61%
9 Eminem
52%
11 Justin Bieber
52%
13 Bad Bunny
42%
7 Billie Eilish
42%
9 Imagine Dragons
35%
8 Bruno Mars
32%
8 Adele
29%
9 Coldplay
29%
9 Dua Lipa
29%
11 Post Malone
29%
9 XXXTentacion
23%
9 Maroon 5
16%
8 Calvin Harris
6%
7 Khalid
3%
No matching quizzes found
Score Distribution
Percent of People with Each Score
Percentile by Number Answered
Your Score History
You have not taken this quiz